000 00612nam a2200241 i 4500
001 C2-0235900
003 PPAK
005 20180727195851.0
008 010923s2001 nyu |||| ||||| | eng d
020 _a042518014X
040 _aPPAK
_beng
_cPPAK
_erda
082 0 4 _a823
_223
090 0 0 _a823
_bCUS
_dG
100 1 _aCussler, Clive,
_eauthor
245 1 0 _aAtlantis found
264 1 _aNew York :
_bBerkley Books ,
_c2001
300 _a530 pages ;
_c17 cm
336 _2rdacontent
_atext
337 _2rdamedia
_aunmediated
338 _2rdacarrier
_avolume
650 1 0 _aEnglish fiction
942 _ddc
_cB
999 _c51825
_d51825